[Event "Juiz de Fora Summer op"]
[Site "Juiz de Fora"]
[Date "2015.08.22"]
[Round "4"]
[White "Medeiros, Bruno Silvestre"]
[Black "Cabral, Maria Eduarda Felix"]
[Result "0-1"]
[WhiteElo "1619"]
[BlackElo "1771"]
[PlyCount "20"]
[EventDate "2015.08.21"]
[EventType "swiss"]
[EventRounds "6"]
[EventCountry "BRA"]
[SourceTitle "EXT 2016"]
[Source "ChessBase"]
[SourceDate "2015.10.08"]
[SourceVersion "1"]
[SourceVersionDate "2015.10.08"]
[SourceQuality "1"]

1. Nf3 Nc6 2. Ng5 h6 3. Nf3 e5 4. Nxe5 Nxe5 5. Nc3 d5 6. Nb1 Bd6 7. b3 Nf6 8. Bb2 0-0 9. Bxe5 Bxe5 10. e3 Bxa1 0-1

[Event "Famalicao op 3rd"]
[Site "Famalicao"]
[Date "2015.08.03"]
[Round "3"]
[White "Silva, Pedro Gil Ferreira"]
[Black "Medeiros, Bruno Silvestre"]
[Result "0-1"]
[WhiteElo "1189"]
[BlackElo "1619"]
[PlyCount "26"]
[EventDate "2015.08.02"]
[EventType "swiss"]
[EventRounds "7"]
[EventCountry "POR"]
[SourceTitle "CBM 167 Extra"]
[Source "ChessBase"]
[SourceDate "2015.09.14"]
[SourceVersion "1"]
[SourceVersionDate "2015.09.14"]
[SourceQuality "1"]

1. e4 e5 2. Nf3 Nc6 3. Bc4 Bc5 4. c3 Nf6 5. d3 a6 6. Nbd2 Ba7 7. Nf1 d6 8. Bb3 Be6 9. Bxe6 fxe6 10. Ng3 Qe7 11. 0-0 h5 12. Bg5 Qf7 13. Nh4 Ne7 0-1